| 000 | 00794nas a2200265 4500 | ||
|---|---|---|---|
| 001 | BR5900252 | ||
| 003 | BR-BrBNA | ||
| 005 | 20231205082025.0 | ||
| 007 | ta | ||
| 008 | 230509b bl.|||p| |||| 00| 00por d | ||
| 040 |
_aBR-BrBNA _bpor _cBiblioteca Nacional de Agricultura |
||
| 041 | _a(Pt) | ||
| 072 | _aL73 | ||
| 100 | 1 | _aTrein, E.J. | |
| 100 | 1 | _aSiqueira, C.S. da | |
| 100 | 1 | _aMarkus, H.L. | |
| 245 | 1 | _aRinosporidiose equina no Rio Grande do Sul [Brasil] | |
| 650 | _aDOENCA ANIMAL | ||
| 650 | _aMICOSE | ||
| 650 | _aEQUINO | ||
| 650 | _aRIO GRANDE DO SUL | ||
| 773 | 0 |
_tRevista da Escola de Agronomia e Veterinaria da Universidade do Rio Grande do Sul (Brazil) _x _g(Dec 1959), v. 2(4) p. 19-35 _wBR5900252 |
|
| 909 |
_a202311 _bLúcia _c55 _dLúcia Elande |
||
| 942 |
_2AGRIS _n0 _cANA |
||
| 999 |
_c88627 _d88627 |
||